000
00292nam a2200121Ia 4500
008
250224s9999 xx 000 0 und d
020
_a
9781474903370
082
_a
JR931.003CHA
100
_a
Chandler Fiona
245
0
_a
Roman World
942
_c
JR
999
_c
473572
_d
473572